Statystyki dla Polscy aktorzy od A do Ż - quiz obrazkowy.

Kliknij tutaj aby rozwiązać quiz!

Ogólne statystyki

  • Ten quiz został rozwiązany 81 razy
  • Średni wynik to 10 z 26

Statystyki odpowiedzi

Odpowiedź% Poprawnych
Piotr Adamczyk
95%
Piotr Fronczewski
79%
Artur Żmijewski
77%
Jan Englert
68%
Jerzy Stuhr
68%
Zbigniew Zamachowski
65%
Leon Niemczyk
61%
Marian Opania
50%
Roman Wilhelmi
48%
Jerzy Bińczycki
47%
Kazimierz Kaczor
47%
Wiesław Gołas
45%
Gustaw Holoubek
41%
Bronisław Pawlik
32%
Jerzy Trela
30%
Wiesław Michnikowski
27%
Olgierd Łukaszewicz
26%
Mieczysław Czechowicz
23%
Gustaw Lutkiewicz
17%
Mieczysław Voit
14%
Witold Dębicki
14%
Kazimierz Rudzki
12%
Tadeusz Janczar
12%
Igor Śmiałowski
8%
Krzysztof Ibisz
5%
Paweł Unrug
3%

Rozkład punktacji

Percentyl według liczby udzielonych odpowiedzi

Procent ludzi z każdym wynikiem

Twoja historia wyników

Nie rozwiązałeś tego quizu